| 000 | 00689nmc a2200265 a 4500 | ||
|---|---|---|---|
| 003 | AR-BaBNM | ||
| 005 | 20251128204312.0 | ||
| 008 | 087019s1960 ||||||||||||||000 | spa|| | ||
| 040 | _cAR-BaBNM | ||
| 100 | 1 | _aMari, Isa | |
| 245 | 1 | 0 |
_aRoma, via delle mantellate _bel infierno en la ciudad |
| 260 |
_aBuenos Aires _bLosada _c1960 |
||
| 300 | _a185 p. | ||
| 490 | 0 | _aLos grandes novelistas de nuestra época | |
| 650 | 4 | _aREALISMO | |
| 650 | 4 | _aLITERATURA ITALIANA | |
| 650 | 4 | _aNOVELAS | |
| 650 | 4 | _aESCRITORES | |
| 650 | 4 | _aLITERATURA CONTEMPORANEA | |
| 650 | 4 | _aPRISIONES | |
| 655 | _aLITERATURA | ||
| 700 | 1 |
_aDabini, Attilio _etraductor |
|
| 942 | _cBK | ||
| 998 | _cLAURA | ||
| 999 |
_c6943 _d6943 |
||